• 首页
  • 本馆介绍
  • 公告通知
  • 最新文献
  • 馆藏检索
  • 电子资源
  • 读者导购
  • 参考咨询
  • 我的图书馆
  • 登录
  • 详细信息显示
  • 放入我的书架
  • 预约/预借图书
  • 作者相关作品
  • 分类相关作品
  • 丛书相关作品
  • 出版社相关作品

书目信息

  • 表格格式
  • 工作单格式
  • 卡片格式
题名:
食用菌栽培与病虫害防治技术
    
 
作者: 高景秋 , 李建华 , 刘静 主编
分册:  
出版信息: 北京   中国农业科学技术出版社  2018.06
页数: 175页
开本: 20cm
丛书名:
单 册:
中图分类: S646 , S436.46
科图分类:
主题词:
电子资源:
ISBN: 978-7-5116-3674-4
000 00899nam0 2200253 450
001 4999
005 20181013171125.49
010    @a978-7-5116-3674-4@dCNY33.90
100    @a20180714d2018 em y0chiy50 ea
101 0  @achi
102    @aCN@b110000
105    @aa z 000yy
200 1  @a食用菌栽培与病虫害防治技术@9shi yong jun zai pei yu bing chong hai fang zhi ji shu@f高景秋,李建华,刘静主编
210    @a北京@c中国农业科学技术出版社@d2018.06
215    @a175页@c图@d20cm
300    @a食用菌产业精品教材
330    @a本书主要介绍食用菌基础、栽培技术和病虫害防治等知识。全书共分二十一章,内容包括:绪论、食用菌生产基础知识、菌种制作、平菇、双孢菇、香菇、草菇等。
690    @aS646@v5
690    @aS436.46@v5
701  0 @a高景秋@9gao jing qiu@4主编
701  0 @a李建华@9li jian hua@4主编
701  0 @a刘静@9liu jing@4主编
801  0 @aCN@b91MARC@c20180714
905    @aMuseLib@dS646@e483
    
    食用菌栽培与病虫害防治技术/高景秋,李建华,刘静主编.-北京:中国农业科学技术出版社,2018.06
    175页:图;20cm
    食用菌产业精品教材
    
    ISBN 978-7-5116-3674-4:CNY33.90
    本书主要介绍食用菌基础、栽培技术和病虫害防治等知识。全书共分二十一章,内容包括:绪论、食用菌生产基础知识、菌种制作、平菇、双孢菇、香菇、草菇等。
●
相关链接 在E读中查询图书 在五车中查询图书 在当当中查询图书 在豆瓣中查询图书


正题名:食用菌栽培与病虫害防治技术     索取号:S646/483         预约/预借

序号 登录号 条形码 馆藏地/架位号 状态 备注
1 1127644   211276448   第二样本阅览室/ [索取号:S646/483] 在馆    
2 1127645   211276457   密集书库-生命科学系/ [索取号:S646/483] 在馆    
3 1127646   211276466   第三借阅区/ [索取号:S646/483] 在馆    
4 1127647   211276475   第三借阅区/ [索取号:S646/483] 在馆    
5 1127648   211276484   第三借阅区/ [索取号:S646/483] 在馆    
唐山师范学院图书馆 欢迎您!
大连网信软件有限公司© 版权所有